| 000 | 00965nam a22002295i 4500 | ||
|---|---|---|---|
| 001 | 167084 | ||
| 003 | ES-MaACL | ||
| 005 | 20240529062950.0 | ||
| 008 | 050926m17951820sp | |||||||| ||spa d | ||
| 040 |
_aCAM _bspa _cCAM |
||
| 100 | 1 |
_aVega, Lope de, _d1562-1635 _9113563 |
|
| 245 | 1 | 3 |
_aLa moza de cántaro _b: comedia en cinco actos / _cpor Lope Felix de Vega Carpio. |
| 260 |
_aBarcelona : _bpor Agustin Roca : _ba costa de los Libreros asociados, _c[s.a.] |
||
| 300 |
_a[32] p. ; _c19 cm. |
||
| 594 | _aTit. y mención de resp. tomados de comienzo de texto. | ||
| 596 | _aEl pie de imp. consta en colofón. | ||
| 596 | _aProbablemente impreso a finales del siglo XVIII o comienzos del XIX. | ||
| 597 | _aSign.: A-D\p4\s. | ||
| 597 | _aTexto a dos col. | ||
| 852 |
_aES-MaACL _jD-1955(5) _q-- Ejemplar guillotinado afectando a la parte superior del texto _z-- Enc. hol. _z-- Legado M. de la Fuente _z-- Enc. en un vol. facticio |
||
| 999 |
_c167084 _d167084 |
||